00317nam a2200133Ia 4500008004100000020001500041041001200056082001600068100001400084245003600098260003300134300000900167650000700176221030s9999 xx 000 0 und d a8187522089 aEnglish a105.23bHus aA. Husain 0aNetwork & Systemscby A. Husain bKhanna Pub.aNew Delhic2000 a1079 aEE